<?xml version="1.0" encoding="UTF-8"?>
<record
    xmlns:xsi="http://www.w3.org/2001/XMLSchema-instance"
    xsi:schemaLocation="http://www.loc.gov/MARC21/slim http://www.loc.gov/standards/marcxml/schema/MARC21slim.xsd"
    xmlns="http://www.loc.gov/MARC21/slim">

  <leader>00614nam a2200169   4500</leader>
  <datafield tag="999" ind1=" " ind2=" ">
    <subfield code="c">63975</subfield>
    <subfield code="d">63975</subfield>
  </datafield>
  <controlfield tag="003">Ge_BSU</controlfield>
  <controlfield tag="005">20260302150708.0</controlfield>
  <controlfield tag="008">260302s2014    enk||||| |||| 00| 0 eng d</controlfield>
  <datafield tag="020" ind1=" " ind2=" ">
    <subfield code="a">9780231167703x</subfield>
  </datafield>
  <datafield tag="041" ind1=" " ind2=" ">
    <subfield code="a">eng</subfield>
  </datafield>
  <datafield tag="080" ind1=" " ind2=" ">
    <subfield code="a">821.821-82 The -44</subfield>
  </datafield>
  <datafield tag="245" ind1=" " ind2=" ">
    <subfield code="a">The Columbia Anthology of Japanese Essays:</subfield>
    <subfield code="b"> Zuihitsu from the Tenth to the Twenty-First Century /</subfield>
    <subfield code="c">Edited by  Steven D. Carter.</subfield>
  </datafield>
  <datafield tag="264" ind1=" " ind2=" ">
    <subfield code="a">New York :</subfield>
    <subfield code="b"> &#x200E;Columbia University Press,</subfield>
    <subfield code="c">2014.</subfield>
  </datafield>
  <datafield tag="300" ind1=" " ind2=" ">
    <subfield code="a"> 540 p.;</subfield>
    <subfield code="b">24 cm.</subfield>
  </datafield>
  <datafield tag="653" ind1=" " ind2=" ">
    <subfield code="a">&#x10D8;&#x10D0;&#x10DE;&#x10DD;&#x10DC;&#x10E3;&#x10E0;&#x10D8; &#x10D4;&#x10E1;&#x10D4;&#x10D4;&#x10D1;&#x10D8;&#x10E1; &#x10D0;&#x10DC;&#x10D7;&#x10DD;&#x10DA;&#x10DD;&#x10D2;&#x10D8;&#x10D0;</subfield>
  </datafield>
  <datafield tag="942" ind1=" " ind2=" ">
    <subfield code="2">udc</subfield>
    <subfield code="c">&#x1CAC;&#x1C98;&#x1C92;&#x1C9C;&#x1C98;</subfield>
  </datafield>
  <datafield tag="952" ind1=" " ind2=" ">
    <subfield code="0">0</subfield>
    <subfield code="1">0</subfield>
    <subfield code="2">udc</subfield>
    <subfield code="4">0</subfield>
    <subfield code="6">82182182_THE_44</subfield>
    <subfield code="7">0</subfield>
    <subfield code="9">105556</subfield>
    <subfield code="a">CPL</subfield>
    <subfield code="b">CPL</subfield>
    <subfield code="c">GEN</subfield>
    <subfield code="d">2026-03-02</subfield>
    <subfield code="g">18.00</subfield>
    <subfield code="o">821.821-82 The -44</subfield>
    <subfield code="p">73856</subfield>
    <subfield code="r">2026-03-02</subfield>
    <subfield code="t">73856</subfield>
    <subfield code="u">&#x10D8;&#x10D0;&#x10DE;&#x10DD;&#x10DC;&#x10D8;&#x10D8;&#x10E1; &#x10E1;&#x10D0;&#x10D4;&#x10DA;&#x10E9;&#x10DD;&#x10E1; &#x10E1;&#x10D0;&#x10E9;&#x10E3;&#x10E5;&#x10D0;&#x10E0;&#x10D8;</subfield>
    <subfield code="w">2026-03-02</subfield>
    <subfield code="y">&#x1CAC;&#x1C98;&#x1C92;&#x1C9C;&#x1C98;</subfield>
    <subfield code="z">18 &#x10DA;.</subfield>
  </datafield>
</record>
